[Event "Hamburg Harburg-ch Gr.H 5th"]
[Site "Hamburg"]
[Date "2007.07.08"]
[Round "4.2"]
[White "Marx, Inga"]
[Black "Ladda, Niels"]
[Result "0-1"]
[WhiteElo "1424"]
[BlackElo "1385"]
[PlyCount "68"]
[EventDate "2007.07.08"]

1. e4 g6 2. d4 Bg7 3. Be3 d6 4. Bc4 Nf6 5. Nc3 O-O 6. f3 e5 7. d5 Ne8 8. Qd2 f5
9. g3 f4 10. Bf2 Bh6 11. g4 Bg7 12. O-O-O Nd7 13. h4 Nef6 14. h5 g5 15. h6 Bh8
16. Nh3 Ne8 17. a3 Nb6 18. Bb3 Bf6 19. Na2 a5 20. Nc3 Bd7 21. Qd3 Kh8 22. Ba2
c5 23. Qe2 a4 24. Nb5 Ra5 25. Nc3 Nc7 26. Bc4 Nxc4 27. Qxc4 b5 28. Qe2 Qb8 29.
Kd2 b4 30. axb4 Qxb4 31. Rb1 Nb5 32. Qd3 c4 33. Qe2 a3 34. Kd1 Nxc3+ 0-1

[Event "Hamburg Harburg-ch Gr.H 5th"]
[Site "Hamburg"]
[Date "2007.07.08"]
[Round "4.3"]
[White "Meder, Sebastian"]
[Black "Altenburg, Nils"]
[Result "1/2-1/2"]
[WhiteElo "1478"]
[BlackElo "1605"]
[PlyCount "47"]
[EventDate "2007.07.08"]

1. d4 c6 2. e3 d5 3. Nf3 Bg4 4. c4 Nd7 5. c5 e5 6. Be2 e4 7. Nfd2 Bxe2 8. Qxe2
Ngf6 9. Nc3 b6 10. b4 Qc7 11. O-O Be7 12. f3 exf3 13. Qxf3 O-O 14. e4 Nxe4 15.
Ncxe4 dxe4 16. Nxe4 Nf6 17. Nxf6+ Bxf6 18. Qg4 Qe7 19. Kh1 Kh8 20. Bb2 Rab8 21.
Rae1 Qd8 22. Rd1 Qe7 23. Rde1 Qd8 24. Rd1 1/2-1/2

[Event "Hamburg Harburg-ch Gr.H 5th"]
[Site "Hamburg"]
[Date "2007.07.08"]
[Round "5.1"]
[White "Altenburg, Nils"]
[Black "Mueller, Bodo"]
[Result "0-1"]
[WhiteElo "1605"]
[BlackElo "1498"]
[PlyCount "44"]
[EventDate "2007.07.08"]

1. e4 e6 2. d4 d5 3. Nc3 Nf6 4. e5 Nfd7 5. a3 c5 6. Be3 Nc6 7. f4 Qb6 8. dxc5
Bxc5 9. Bxc5 Qxc5 10. Nb5 O-O 11. Bd3 f6 12. Qh5 f5 13. Nf3 Qe3+ 14. Be2 Nc5
15. Ng5 h6 16. b4 Ne4 17. Nxe4 Qxe4 18. Nc7 Rb8 19. Qg6 Nd4 20. O-O Nxe2+ 21.
Kh1 Nxf4 22. Rxf4 Qxe5 0-1

[Event "Hamburg Harburg-ch Gr.H 5th"]
[Site "Hamburg"]
[Date "2007.07.08"]
[Round "5.2"]
[White "Ladda, Niels"]
[Black "Meder, Sebastian"]
[Result "1/2-1/2"]
[WhiteElo "1385"]
[BlackElo "1478"]
[PlyCount "42"]
[EventDate "2007.07.08"]

1. d4 Nf6 2. c4 d5 3. cxd5 Nxd5 4. Nf3 e6 5. g3 Bb4+ 6. Bd2 Qe7 7. Bg2 Nc6 8.
O-O Bxd2 9. Nbxd2 Bd7 10. a3 Rb8 11. Rc1 O-O 12. e4 Nf6 13. Re1 Rfc8 14. b4 b6
15. Nb3 Nd8 16. Qd3 Ba4 17. Ne5 Nd7 18. Nxd7 Qxd7 19. Bf1 Bxb3 20. Qxb3 Qxd4
21. Qa4 g6 1/2-1/2

[Event "Hamburg Harburg-ch Gr.H 5th"]
[Site "Hamburg"]
[Date "2007.07.08"]
[Round "5.3"]
[White "Klawitter, Bernd"]
[Black "Marx, Inga"]
[Result "0-1"]
[WhiteElo "1513"]
[BlackElo "1424"]
[PlyCount "94"]
[EventDate "2007.07.08"]

1. e4 d5 2. exd5 Qxd5 3. Nc3 Qa5 4. d4 Nf6 5. Nf3 Bf5 6. Bd2 c6 7. b4 Qc7 8. g3
e6 9. Bf4 Bd6 10. Ne5 O-O 11. Bg2 Nd5 12. Nxd5 cxd5 13. O-O Bxe5 14. Bxe5 Qxc2
15. Qxc2 Bxc2 16. Rfc1 Ba4 17. Bf1 Nc6 18. Bd6 Rfd8 19. Bc5 b6 20. b5 bxc5 21.
bxc6 c4 22. Bxc4 Bxc6 23. Ba6 Be8 24. Rc7 Rd7 25. Rac1 Rxc7 26. Rxc7 g6 27. Kg2
Kg7 28. Kf3 Kf6 29. Ke3 Kf5 30. h3 h5 31. f4 Kf6 32. a3 Rb8 33. Rc3 Ba4 34. Be2
Rb3 35. Rxb3 Bxb3 36. Ba6 Bc4 37. Bc8 Ke7 38. g4 hxg4 39. hxg4 Kd8 40. Bb7 Kc7
41. Ba8 Bb5 42. Bxd5 exd5 43. f5 gxf5 44. g5 Be8 45. Kf4 Bd7 46. Ke5 Be6 47. g6
fxg6 0-1

[Event "Hamburg Harburg-ch Gr.I 5th"]
[Site "Hamburg"]
[Date "2007.07.08"]
[Round "4.1"]
[White "Kalauch, Johannes"]
[Black "Neumann, Ramona"]
[Result "1/2-1/2"]
[WhiteElo "1149"]
[BlackElo "1379"]
[PlyCount "55"]
[EventDate "2007.07.08"]

1. d4 d5 2. Nf3 Nf6 3. e3 Bg4 4. Bd3 g6 5. h3 Bd7 6. O-O Bg7 7. Nbd2 O-O 8. c3
Nc6 9. e4 dxe4 10. Nxe4 e6 11. Bg5 h6 12. Nxf6+ Bxf6 13. Bxh6 Bg7 14. Qd2 Ne7
15. Bg5 f6 16. Bf4 Kf7 17. Nh2 Rh8 18. Ng4 Bc6 19. Rae1 Rh5 20. Bh6 Qh8 21.
Bxg7 Qxg7 22. Qe3 Rah8 23. Qxe6+ Kf8 24. Nxf6 Rg5 25. Ng4 Qh7 26. Bxg6 Rxg6 27.
Qe2 Qf7 28. f3 1/2-1/2

[Event "Hamburg Harburg-ch Gr.I 5th"]
[Site "Hamburg"]
[Date "2007.07.08"]
[Round "4.2"]
[White "Rosenkranz, Kristin"]
[Black "Boehme, Mathis"]
[Result "0-1"]
[WhiteElo "1271"]
[BlackElo "842"]
[PlyCount "92"]
[EventDate "2007.07.08"]

1. e4 d5 2. exd5 Nf6 3. Nf3 Nxd5 4. d4 Nc6 5. Be3 Bf5 6. Bd3 Nxe3 7. fxe3 Bxd3
8. Qxd3 e6 9. Nc3 Bb4 10. O-O-O Qe7 11. e4 O-O-O 12. Rhe1 e5 13. Qe3 exd4 14.
Nxd4 Rxd4 15. Rxd4 Nxd4 16. Qxd4 Qg5+ 17. Kb1 Bxc3 18. bxc3 Rd8 19. Qxa7 Qd2
20. Rf1 Qxc3 21. Rc1 Rd6 22. Qa8+ Kd7 23. Qxb7 Rb6+ 24. Qxb6 cxb6 25. Rd1+ Ke6
26. Rd3 Qe1+ 27. Kb2 Qf2 28. Rb3 Qd4+ 29. c3 Qf2+ 30. Ka1 Qe1+ 31. Kb2 Qd2+ 32.
Kb1 Qd6 33. h3 Qd3+ 34. Kb2 Qxe4 35. Rxb6+ Ke5 36. Rb5+ Kd6 37. Rb4 Qxg2+ 38.
Kb3 Qxh3 39. a4 Qe6+ 40. Ka3 Kc5 41. Rb5+ Kc4 42. Rb3 Qd6+ 43. Kb2 Qd2+ 44. Ka3
Qc1+ 45. Ka2 Qc2+ 46. Ka3 Qxb3# 0-1

[Event "Hamburg Harburg-ch Gr.I 5th"]
[Site "Hamburg"]
[Date "2007.07.08"]
[Round "4.3"]
[White "Neumann, Mike"]
[Black "Petru, Dennis"]
[Result "1-0"]
[WhiteElo "1208"]
[BlackElo "1192"]
[PlyCount "83"]
[EventDate "2007.07.08"]

1. e4 e5 2. Nf3 Nc6 3. Bc4 Bc5 4. d3 Nf6 5. O-O d6 6. c3 Be6 7. Bxe6 fxe6 8. a4
a6 9. Be3 Bxe3 10. fxe3 d5 11. exd5 exd5 12. Nbd2 Qd6 13. e4 O-O-O 14. Ng5 Rhf8
15. Nb3 h6 16. exd5 hxg5 17. dxc6 Qxc6 18. Kh1 b6 19. Qf3 Qxf3 20. Rxf3 g4 21.
Re3 Nd7 22. d4 Rf5 23. Kg1 Rdf8 24. Rae1 Rf2 25. R3e2 Rxe2 26. Rxe2 exd4 27.
Nxd4 c5 28. Ne6 Re8 29. Kf2 g6 30. Nf4 Rxe2+ 31. Kxe2 Ne5 32. b3 Kc7 33. Ke3
Kd6 34. Ke4 g5 35. Nd5 b5 36. a5 Nc6 37. b4 c4 38. Nf6 Ne5 39. Kf5 Nd3 40. Nxg4
Kd5 41. Ne3+ Kd6 42. g4 1-0

[Event "Hamburg Harburg-ch Gr.I 5th"]
[Site "Hamburg"]
[Date "2007.07.08"]
[Round "4.4"]
[White "Hemp, Oliver"]
[Black "Kalauch, Lucas"]
[Result "1/2-1/2"]
[WhiteElo "1030"]
[BlackElo "1071"]
[PlyCount "27"]
[EventDate "2007.07.08"]

1. e4 c5 2. Nf3 Nc6 3. d4 cxd4 4. Nxd4 g6 5. Nc3 Bg7 6. Be3 Nf6 7. Nb3 O-O 8.
Qd2 Ng4 9. f3 Nxe3 10. Qxe3 a6 11. O-O-O Qc7 12. Nd5 Qd8 13. Kb1 b5 14. Nb6
1/2-1/2

[Event "Hamburg Harburg-ch Gr.I 5th"]
[Site "Hamburg"]
[Date "2007.07.08"]
[Round "4.5"]
[White "Kalauch, Jonathan"]
[Black "Buntrock, Jannis"]
[Result "1-0"]
[WhiteElo "902"]
[BlackElo "1013"]
[PlyCount "91"]
[EventDate "2007.07.08"]

1. d4 d5 2. Nf3 Nf6 3. e3 e6 4. Bd3 Nc6 5. O-O Bd6 6. Nbd2 e5 7. e4 exd4 8.
exd5 Nxd5 9. Re1+ Nde7 10. c3 dxc3 11. bxc3 O-O 12. Nc4 Nd5 13. Nxd6 Qxd6 14.
Qb3 b6 15. Ba3 Na5 16. Bxd6 Nxb3 17. axb3 cxd6 18. Be4 Be6 19. c4 f5 20. Bxd5
Bxd5 21. cxd5 Rac8 22. Rxa7 Rc5 23. Rd1 Rfc8 24. h3 Rc3 25. Rd7 Rxb3 26. Rxd6
b5 27. Nd4 Rb2 28. Nxf5 Rcc2 29. Rd8+ Kf7 30. d6 Rxf2 31. Ne3 Rbe2 32. d7 Ke7
33. Re8+ Kf7 34. d8=Q Rxg2+ 35. Nxg2 Rxe8 36. Rf1+ Kg6 37. Qxe8+ Kh6 38. Qxb5
g6 39. h4 Kg7 40. h5 Kh6 41. hxg6 hxg6 42. Qb6 Kh5 43. Nh4 Kxh4 44. Qxg6 Kh3
45. Rf8 Kh4 46. Rh8# 1-0

[Event "Hamburg Harburg-ch Gr.I 5th"]
[Site "Hamburg"]
[Date "2007.07.08"]
[Round "5.1"]
[White "Boehme, Mathis"]
[Black "Neumann, Ramona"]
[Result "1/2-1/2"]
[WhiteElo "842"]
[BlackElo "1379"]
[PlyCount "91"]
[EventDate "2007.07.08"]

1. e4 e5 2. f4 d6 3. Nf3 exf4 4. d4 Bg4 5. Bxf4 Nf6 6. Nc3 Be7 7. Bc4 O-O 8.
O-O Nc6 9. Qd2 a6 10. h3 Bh5 11. d5 Na5 12. Be2 b5 13. b4 Nb7 14. Nd4 Bxe2 15.
Nc6 Qd7 16. Qxe2 Nd8 17. Nxe7+ Qxe7 18. Rfe1 c6 19. dxc6 Nxc6 20. Rab1 Ne5 21.
Qf2 Qe6 22. Qg3 Nh5 23. Qh4 Nxf4 24. Qxf4 Rac8 25. Re3 Nc4 26. Rg3 Qe5 27. Qxe5
dxe5 28. Nd5 Rcd8 29. Rd1 Kh8 30. c3 f5 31. exf5 Rxf5 32. Ne3 Rxd1+ 33. Nxd1 g6
34. Ne3 Nxe3 35. Rxe3 Kg7 36. g4 Rg5 37. Kg2 h5 38. Kg3 hxg4 39. hxg4 Kh6 40.
Kh4 e4 41. Rxe4 Rd5 42. Re6 Rd3 43. g5+ Kg7 44. Rxa6 Rxc3 45. Ra5 Rc4+ 46. Kg3
1/2-1/2

[Event "Hamburg Harburg-ch Gr.I 5th"]
[Site "Hamburg"]
[Date "2007.07.08"]
[Round "5.2"]
[White "Neumann, Mike"]
[Black "Kalauch, Johannes"]
[Result "1-0"]
[WhiteElo "1208"]
[BlackElo "1149"]
[PlyCount "83"]
[EventDate "2007.07.08"]

1. e4 c5 2. Nf3 Nc6 3. d4 cxd4 4. Nxd4 g6 5. Be3 Nf6 6. f3 Bg7 7. Nc3 a6 8. Bc4
Qa5 9. Nxc6 bxc6 10. Qd2 O-O 11. O-O e6 12. Bd3 Rb8 13. b3 d5 14. Rac1 d4 15.
Bxd4 Nxe4 16. Bxe4 Bxd4+ 17. Qxd4 c5 18. Qe5 Qb6 19. Na4 Qa7 20. Qxc5 Qxc5+ 21.
Nxc5 Rb5 22. Na4 f5 23. Bc6 Rb8 24. Rfd1 e5 25. Nc3 f4 26. Nd5 Rb6 27. Nxb6 Rf6
28. Bd5+ Kg7 29. Nxc8 e4 30. Bxe4 g5 31. Rd7+ Rf7 32. Ne7 a5 33. Nf5+ Kf6 34.
Rxf7+ Kxf7 35. Rd1 a4 36. bxa4 g4 37. a5 gxf3 38. gxf3 h5 39. a6 h4 40. a7 h3
41. a8=Q Ke6 42. Rd6+ 1-0

[Event "Hamburg Harburg-ch Gr.I 5th"]
[Site "Hamburg"]
[Date "2007.07.08"]
[Round "5.3"]
[White "Kalauch, Lucas"]
[Black "Rosenkranz, Kristin"]
[Result "0-1"]
[WhiteElo "1071"]
[BlackElo "1271"]
[PlyCount "48"]
[EventDate "2007.07.08"]

1. d4 d5 2. Nf3 e6 3. e3 c5 4. c3 Nf6 5. Bd3 Nc6 6. O-O g6 7. Nbd2 cxd4 8. cxd4
Bg7 9. b3 O-O 10. Bb2 Bd7 11. e4 dxe4 12. Nxe4 b6 13. Nxf6+ Bxf6 14. Bc4 Ne7
15. Rb1 Nd5 16. Re1 Bc6 17. Rc1 b5 18. Bd3 Rc8 19. a3 Qb6 20. Be4 Rc7 21. Re2
Rfc8 22. Rec2 Nc3 23. Bxc3 Bxe4 24. Qd2 Bxc2 0-1

[Event "Hamburg Harburg-ch Gr.I 5th"]
[Site "Hamburg"]
[Date "2007.07.08"]
[Round "5.4"]
[White "Hemp, Oliver"]
[Black "Kalauch, Jonathan"]
[Result "1/2-1/2"]
[WhiteElo "1030"]
[BlackElo "902"]
[PlyCount "43"]
[EventDate "2007.07.08"]

1. e4 c5 2. Nf3 Nc6 3. d4 cxd4 4. Nxd4 g6 5. Nc3 Bg7 6. Nb3 Nf6 7. f4 d6 8. h3
e5 9. Qf3 Nb4 10. Bd3 Be6 11. a3 Nxd3+ 12. Qxd3 Nd7 13. Bd2 exf4 14. Bxf4 O-O
15. O-O-O Nf6 16. Qxd6 Bxb3 17. Qxd8 Raxd8 18. cxb3 Rc8 19. Kb1 Rfd8 20. Rxd8+
Rxd8 21. Bg5 Rc8 22. Rd1 1/2-1/2

[Event "Hamburg Harburg-ch Gr.I 5th"]
[Site "Hamburg"]
[Date "2007.07.08"]
[Round "5.5"]
[White "Petru, Dennis"]
[Black "Buntrock, Jannis"]
[Result "0-1"]
[WhiteElo "1192"]
[BlackElo "1013"]
[PlyCount "34"]
[EventDate "2007.07.08"]

1. e4 e5 2. Nf3 Nc6 3. d4 exd4 4. Nxd4 Bc5 5. Be3 Nf6 6. Nxc6 bxc6 7. Bxc5 d6
8. Bd4 O-O 9. Nc3 Re8 10. Bd3 d5 11. e5 Bb7 12. O-O Nd7 13. f4 c5 14. Bf2 d4
15. Ne2 Nb6 16. b3 Qd5 17. Bxh7+ Kf8 0-1